| 000 | 00576nam a2200145Ia 4500 | ||
|---|---|---|---|
| 008 | 140724s9999 xx 000 0 und d | ||
| 050 |
_aBF 576 _b.D191 2013 |
||
| 100 | _aDanseco, Biberly D. | ||
| 245 | 4 |
_aThe emotional intelligence and academic performance of selected high and low college academic achievers of Southville International School and Colleges (SISC) / _cBiberly D. Danseco. |
|
| 260 |
_aLas PiƱas, Philippines : _bSouthville International School and Colleges, _cc2013. |
||
| 300 |
_a55 p. : _c28 cm. |
||
| 521 | _aPsychology | ||
| 942 | _cTH | ||
| 999 |
_c229298 _d229298 |
||